000 01688cam a22002174a 4500
005 20250605164103.0
008 250528s ||||||||||||||||||||||||d
035 _a17626
020 _a9789604610143
040 _aGR-AtMCL
_bgre
_dGR-AtMCL
_eAACR2
245 1 _aΤο Μέλλον του Ανταγωνισμού / Συν-Δημιουργία Μοναδικής Αξίας με τους Πελάτες
260 _bΚλειδάριθμος,
_c2006
300 _a296
520 _aΟ Πρώτος Οδηγός για την επισκόπηση των αποκεντρωμένων διεργασιών δημιουργίας αξίας του μέλλοντος. Πρόλογος, Η Συν-Δημιουργία της Αξίας, Δομικά Στοιχεία της Συν-Δημιουργίας, Η Εμπειρία της Συν-Δημιουργίας, Η Καινοτομία της Εμπειρίας, Η Εξατομίκευση της Εμπειρίας, Δίκτυα Εμπειριών, Η Αγορά ως Φόρουμ, Δημιουργία Νέου Στρατηγικού Κεφαλαίου, Ο Μάνατζερ ως Καταναλωτής, Γρήγορη Δημιουργία Γνώσης, Η Στρατηγική ως Διαδικασία Ανακάλυψης, Δημιουργία Νέων Δυνατοτήτων για το Μέλλον, Βοήθήματα και Παραπομπές, Ευρετήριο, Ευρετήριο, Δύο λόγια για τους Συγγραφείς.
700 1 _aPrahalad C.K
_91016
700 1 _aRamaswamy Venkat
_93816
700 1 _aΚατσαντώνης Γιάννης
_93817
942 _cBK
999 _c3029
_d3029